| 000 | 01377nam0a22002651 4500 | ||
|---|---|---|---|
| 001 | rc\724777 | ||
| 005 | 20260407012624.0 | ||
| 010 |
_a5-7702-1062-1 _9250 |
||
| 035 | _a(NLR Aleph) 005968007 | ||
| 090 |
_a6912924 _c6912924 |
||
| 100 | _a20031121d1994 |||y0rusy50 ca | ||
| 101 | 0 | _arus | |
| 102 | _aRU | ||
| 105 | _aa ||||||||| | ||
| 200 | 1 |
_aПРИМЕНЕНИЕ радиоволн миллиметрового и субмиллиметрового диапазонов _eСб. науч. тр. _fНац. акад. наук Украины, Ин-т радиофизики и электроники. Науч. совет НАН Украины по пробл. "Физика и техника миллиметровых и субмиллиметровых волн" _g[Редкол.: В.К. Киселев (отв. ред.) и др.] |
|
| 210 |
_aХарьков _cИн-т радиофизики и электроники _d1994 |
||
| 215 |
_a161 с. _cил. _d20 |
||
| 320 | _aБиблиогр. в конце ст. | ||
| 702 | 1 |
_aКиселев _bВ.К. _gВладимир Константинович _4340 |
|
| 712 | 0 | 2 |
_aИнститут радиофизики и электроники им. А.Я. Усикова _cХарьков _3RU\NLR\AUTH\8810000477 _9498115 |
| 801 | 0 |
_aRU _bNLR _gpsbo |
|
| 801 | 1 |
_aRU _bELAR _2rusmarc |
|
| 852 |
_aNLR _j98-3/8634 |
||
| 942 | _cBOOK | ||
| 980 | _aNB | ||